000 00380nam a2200145Ia 4500
008 150201s2012 xx 000 0 und d
082 _a620
_bF2002M
100 _aMALHOTRA
245 _aFUNDAMENTALS OF INFORMATION TECHNOLOGY
250 _a1ST
260 _bEVERGREEN PUBLICATIONS
_aDARYAGANJ (NEW DELHI )
_c0
300 _a1-256
650 _aGENERAL DENTISTRY
942 _2ddc
_cBK
999 _c3037
_d3037